00885nam a2200229 u 450000100100000000500170001000800410002702000150006804000250008308200150010810000250012324500990014826000400024730000280028749000260031550400730034170000440041470000340045883000330049295201130052599900170063800003459420200930073803.0111010s2003 ag a 000 0 spa d a9875503215 aDO-SdBNPbspacBNPHU axxxxbxxxx1 aKhayyam, Omar96003314aLos Rubaiyat /cOmar Khayyam ; prólogo Paramahansa Yogananda ; traducción Mario Alarcón. aBuenos Aires, :bLongseller,c2003. a165 p. :bil. ;c18 cm.1 aClásicos de siempre aIncluye referencias bibliográficas y notas al pie de las páginas1 aYogananda, Paramahansa,epról.9486971 aAlarcón, Mario,etr.960034 0aClásicos de siempre960025 001050718MOaGRbGRcHDd2011-10-10iLF1l0oxxxx xxxxp34594-10r2020-06-25w2020-06-25y1ZNo se presta c34085d34085